[Event "Canadian op"]
[Site "Regina"]
[Date "2019.07.17"]
[Round "8"]
[White "Zhao, Ian"]
[Black "Malek, Omid"]
[Result "0-1"]
[WhiteElo "2198"]
[BlackElo "2141"]
[PlyCount "116"]
[EventDate "2019.07.12"]
[EventType "swiss"]
[EventRounds "9"]
[EventCountry "CAN"]
[SourceTitle "EXT 2020"]
[Source "ChessBase"]
[SourceDate "2019.10.17"]
[SourceVersion "1"]
[SourceVersionDate "2019.10.17"]
[SourceQuality "1"]

1. e4 e6 2. d4 d5 3. Nd2 Nc6 4. Ngf3 Nf6 5. e5 Nd7 6. Be2 Be7 7. 0-0 f6 8. exf6 Bxf6 9. c3 0-0 10. Re1 e5 11. Qb3 Nb6 12. dxe5 Nxe5 13. Nxe5 Bxe5 14. Nf3 Bf6 15. Be3 Be6 16. Bd3 Qd7 17. Qc2 h6 18. Nd4 Bxd4 19. Bxd4 Nc4 20. Bxc4 dxc4 21. Re3 Bf5 22. Qe2 Bd3 23. Qd2 Kh7 24. Rae1 Rf7 25. Re5 b6 26. b4 a5 27. b5 Raf8 28. f3 Bf5 29. Qe2 c5 30. bxc6 Qxc6 31. Qb2 Qg6 32. Qxb6 Rf6 33. Qb2 Bd3 34. Kh1 Rf5 35. Qb5 Rxe5 36. Qxe5 Rf5 37. Qb8 Rf7 38. Re8 Qg5 39. Rh8+ Kg6 40. Qb6+ Kh5 41. g4+ Kh4 42. Kg2 Bf1+ 43. Kxf1 Rxf3+ 44. Bf2+ Kh3 45. Re8 Kxh2 46. Re3 Qd5 47. Qc7+ Kh1 48. Ke2 Kg2 49. Rxf3 Qxf3+ 50. Kd2 Qd3+ 51. Kc1 Qxc3+ 52. Kb1 Qd3+ 53. Kc1 Qf1+ 54. Kc2 Qxf2+ 55. Kc1 Qe3+ 56. Kb2 Qd2+ 57. Kb1 Qd3+ 58. Kb2 c3+ 0-1

[Event "Canadian op"]
[Site "Regina"]
[Date "2019.07.15"]
[Round "6"]
[White "Zhao, Ian"]
[Black "Haessel, Dale R"]
[Result "1-0"]
[WhiteElo "2198"]
[BlackElo "2148"]
[PlyCount "53"]
[EventDate "2019.07.12"]
[EventType "swiss"]
[EventRounds "9"]
[EventCountry "CAN"]
[SourceTitle "EXT 2020"]
[Source "ChessBase"]
[SourceDate "2019.10.17"]
[SourceVersion "1"]
[SourceVersionDate "2019.10.17"]
[SourceQuality "1"]

1. e4 e5 2. Nf3 Nc6 3. Bc4 Bc5 4. 0-0 Nf6 5. d3 d6 6. c3 a6 7. Bb3 Ba7 8. Re1 h6 9. Nbd2 g5 10. Nf1 g4 11. N3d2 h5 12. Nc4 h4 13. Be3 Bd7 14. Bxa7 Nxa7 15. d4 Qe7 16. dxe5 dxe5 17. Nce3 0-0-0 18. Qe2 Rdg8 19. Rad1 g3 20. hxg3 hxg3 21. Nxg3 Ng4 22. Rxd7 Qxd7 23. Rd1 Qe7 24. Nxg4 Qh4 25. Bxf7 Rxg4 26. Be6+ Kb8 27. Qxg4 1-0

[Event "Canadian op"]
[Site "Regina"]
[Date "2019.07.14"]
[Round "3"]
[White "Huang, Patrick"]
[Black "Zhao, Ian"]
[Result "0-1"]
[WhiteElo "2055"]
[BlackElo "2198"]
[PlyCount "66"]
[EventDate "2019.07.12"]
[EventType "swiss"]
[EventRounds "9"]
[EventCountry "CAN"]
[SourceTitle "EXT 2020"]
[Source "ChessBase"]
[SourceDate "2019.10.17"]
[SourceVersion "1"]
[SourceVersionDate "2019.10.17"]
[SourceQuality "1"]

1. d4 Nf6 2. Bf4 e6 3. e3 c5 4. c3 d5 5. Nd2 Bd6 6. Bg3 0-0 7. Bd3 Qc7 8. Ngf3 Nbd7 9. e4 dxe4 10. Nxe4 Nxe4 11. Bxe4 Nf6 12. Bd3 b6 13. Qe2 Bb7 14. 0-0-0 Bxf3 15. Qxf3 cxd4 16. Be4 Nxe4 17. Qxe4 e5 18. Kb1 dxc3 19. Rc1 Qe7 20. Rxc3 Rad8 21. Bh4 f6 22. g4 Bc5 23. Rg1 Rd4 24. Qg2 Qd7 25. Rcc1 g5 26. Bg3 Qxg4 27. Ka1 Rd2 28. h4 Qd4 29. Rc3 Ba3 30. Bxe5 Qxe5 31. hxg5 Bxb2+ 32. Kb1 Qf5+ 33. Rc2 Qxc2# 0-1

[Event "Alberta-ch"]
[Site "Calgary"]
[Date "2019.04.20"]
[Round "3"]
[White "Zhao, Ian"]
[Black "Miller, David"]
[Result "1-0"]
[WhiteElo "2281"]
[BlackElo "2166"]
[PlyCount "61"]
[EventDate "2019.04.19"]
[EventType "tourn"]
[EventRounds "5"]
[EventCountry "CAN"]
[EventCategory "2"]
[SourceTitle "EXT 2022"]
[Source "ChessBase"]
[SourceDate "2021.10.06"]
[SourceVersion "1"]
[SourceVersionDate "2021.10.06"]
[SourceQuality "1"]

1. e4 e6 2. d4 d5 3. Nd2 h6 4. c3 c5 5. Ngf3 Nf6 6. Bd3 Nc6 7. e5 Nd7 8. 0-0 g5 9. b3 g4 10. Ne1 cxd4 11. cxd4 h5 12. Bb2 Qb6 13. Nc2 a5 14. a4 Bh6 15. Qe2 Nb4 16. Nxb4 Qxb4 17. Rfd1 Bxd2 18. Rxd2 Qxb3 19. Bb5 Qb4 20. Ba3 Qc3 21. Qd1 Qc7 22. Rc2 Qd8 23. Rac1 f5 24. exf6 Kf7 25. Be7 Qg8 26. Rc7 Nxf6 27. Bxf6+ Kxf6 28. Qd2 e5 29. dxe5+ Ke6 30. Qd4 Qf8 31. Qb6+ 1-0

[Event "Alberta-ch"]
[Site "Calgary"]
[Date "2019.04.19"]
[Round "1"]
[White "Zhao, Ian"]
[Black "Ng, Gary"]
[Result "1/2-1/2"]
[WhiteElo "2281"]
[BlackElo "2388"]
[PlyCount "120"]
[EventDate "2019.04.19"]
[EventType "tourn"]
[EventRounds "5"]
[EventCountry "CAN"]
[EventCategory "2"]
[SourceTitle "EXT 2022"]
[Source "ChessBase"]
[SourceDate "2021.10.06"]
[SourceVersion "1"]
[SourceVersionDate "2021.10.06"]
[SourceQuality "1"]

1. e4 c5 2. Nf3 d6 3. d4 cxd4 4. Nxd4 Nf6 5. Nc3 a6 6. h3 g6 7. g4 h5 8. g5 Nfd7 9. Be3 Bg7 10. Qd2 b5 11. f4 Bb7 12. 0-0-0 0-0 13. Bg2 Nb6 14. b3 b4 15. Nd5 Nxd5 16. exd5 a5 17. f5 a4 18. fxg6 axb3 19. gxf7+ Rxf7 20. cxb3 Qa5 21. Kb1 Bxd5 22. Rhf1 Rxf1 23. Rxf1 Bxg2 24. Qxg2 Qa6 25. Rd1 Nd7 26. Nc6 Re8 27. Qd5+ Kh8 28. Qf3 Ra8 29. Qxh5+ Kg8 30. Nxe7+ Kf8 31. Ng6+ Kg8 32. Ne7+ Kf8 33. Ng6+ Kg8 34. Rd2 Qf1+ 35. Qd1 Qf5+ 36. Qc2 Qf1+ 37. Rd1 Qxh3 38. Qc4+ Kh7 39. Qe4 d5 40. Nf4+ dxe4 41. Nxh3 Nf8 42. Nf4 Be5 43. Nd5 Rb8 44. Rc1 Rb5 45. Ne7 Ng6 46. Rc5 Rxc5 47. Bxc5 Nxe7 48. Bxe7 Kg6 49. Kc2 Bf4 50. Bxb4 Kxg5 51. a4 Kf5 52. a5 Be3 53. Bd6 Ke6 54. Bb8 Kd7 55. Kc3 Kc8 56. Bg3 Kb7 57. Kc4 Bd2 58. Kb5 e3 59. a6+ Ka8 60. Bf4 Bc1 1/2-1/2

[Event "Calgary op 11th"]
[Site "Calgary"]
[Date "2018.08.19"]
[Round "9"]
[White "Mikhalevski, Victor"]
[Black "Zhao, Ian"]
[Result "1/2-1/2"]
[WhiteElo "2560"]
[BlackElo "1981"]
[PlyCount "157"]
[EventDate "2018.08.14"]
[EventType "swiss"]
[EventRounds "9"]
[EventCountry "CAN"]
[SourceTitle "CBM 186 Extra"]
[Source "ChessBase"]
[SourceDate "2018.08.24"]
[SourceVersion "1"]
[SourceVersionDate "2018.08.24"]
[SourceQuality "1"]

1. e4 e5 2. Nf3 Nc6 3. Bc4 Bc5 4. d3 Nf6 5. 0-0 d6 6. c3 h6 7. Nbd2 0-0 8. b4 Bb6 9. Bb3 a6 10. a4 Re8 11. Nc4 Ba7 12. Re1 Be6 13. b5 Ne7 14. Rb1 axb5 15. axb5 Ng6 16. b6 cxb6 17. Ba4 Re7 18. Bb5 Bb8 19. Ncd2 d5 20. c4 d4 21. Nf1 Bd6 22. Ng3 Qc8 23. h3 Bxh3 24. gxh3 Qxh3 25. Qe2 Nf4 26. Qf1 Qg4 27. Nh2 Qg5 28. Kh1 g6 29. Ne2 Ra2 30. Bxf4 exf4 31. Qh3 Kh7 32. Ra1 Rb2 33. Ra8 Qh5 34. Qxh5 Nxh5 35. Nxd4 Rxf2 36. Ndf3 Rb2 37. Raa1 Ng3+ 38. Kg1 Ne2+ 39. Kf1 Ng3+ 40. Kg1 Ne2+ 41. Rxe2 Rxe2 42. Ng4 Kg7 43. Kf1 Rb2 44. e5 Bc5 45. d4 h5 46. Nf2 Rb3 47. Nd2 Rxb5 48. cxb5 Bxd4 49. Ra4 Bxe5 50. Nh3 Re6 51. Nf3 Bd6 52. Rd4 f6 53. Nxf4 Bxf4 54. Rxf4 Rd6 55. Re4 Rd5 56. Re7+ Kh6 57. Re6 Rxb5 58. Rxf6 Rf5 59. Rxf5 gxf5 60. Ke2 Kg6 61. Ke3 b5 62. Kf4 b4 63. Nd4 Kf6 64. Nb3 b6 65. Nd4 h4 66. Kf3 Ke5 67. Nc6+ Kd5 68. Nxb4+ Kc4 69. Nc2 b5 70. Ne3+ Kd3 71. Nxf5 b4 72. Ne3 h3 73. Nd1 Kc2 74. Ne3+ Kd2 75. Nc4+ Ke1 76. Na5 Kd1 77. Kg3 Kc1 78. Kxh3 Kb2 79. Nc6 1/2-1/2

[Event "Canadian op"]
[Site "Quebec"]
[Date "2018.07.12"]
[Round "7"]
[White "Zhao, Ian"]
[Black "Tanaka, Taira Tyler"]
[Result "1-0"]
[WhiteElo "1951"]
[BlackElo "2054"]
[PlyCount "125"]
[EventDate "2018.07.07"]
[EventType "swiss"]
[EventRounds "9"]
[EventCountry "CAN"]
[SourceTitle "EXT 2019"]
[Source "ChessBase"]
[SourceDate "2018.10.10"]
[SourceVersion "1"]
[SourceVersionDate "2018.10.10"]
[SourceQuality "1"]

1. e4 c5 2. c3 Nf6 3. e5 Nd5 4. d4 cxd4 5. Nf3 Nc6 6. Bc4 Nb6 7. Bb3 d6 8. exd6 e6 9. Nxd4 Nxd4 10. Qxd4 Qxd6 11. Be3 Bd7 12. Nd2 Bc6 13. 0-0 0-0-0 14. Nc4 Qxd4 15. Bxd4 Nxc4 16. Bxc4 Kb8 17. Rfd1 Ka8 18. a4 Bd6 19. a5 Bc7 20. b4 a6 21. Rdb1 Bd5 22. Be2 e5 23. Be3 Be4 24. Rb2 Bd3 25. Kf1 Rd6 26. c4 Rhd8 27. b5 Bxe2+ 28. Kxe2 Rg6 29. bxa6 Rxa6 30. Rb5 f6 31. Rab1 Rb8 32. Rd1 Rd6 33. Rxd6 Bxd6 34. Bb6 Rc8 35. Rd5 Bc7 36. Rd7 Kb8 37. Rxg7 Bxb6 38. axb6 Rxc4 39. Rxh7 Kc8 40. Rh8+ Kd7 41. Rb8 Re4+ 42. Kd3 Rd4+ 43. Ke3 Kc6 44. Rf8 Rd6 45. h4 Kxb6 46. h5 Rd1 47. Rxf6+ Kc5 48. Re6 Re1+ 49. Kd2 Re4 50. f3 Rd4+ 51. Ke3 Kd5 52. Rb6 Rh4 53. g4 e4 54. Rxb7 exf3 55. Kxf3 Ke6 56. Kf4 Kf6 57. Rb6+ Kg7 58. Kg5 Rh1 59. h6+ Kf8 60. Kg6 Re1 61. Rb8+ Ke7 62. h7 Re6+ 63. Kg7 1-0